000 01096nac a22002411u 4500
010 _a 94012951
020 _a0070521646 (alk. paper)
082 0 0 _a658.2
_bR7887
090 _c4489
_d4489
100 _a20080729
245 0 0 _aStandard handbook of plant engineering /
_cRobert C. Rosaler, editor in chief.
250 _a2nd ed.
260 _aNew York :
_bMcGraw-Hill,1995
_c1995.
300 _a1 v. (various pagings) :
_bill. ;
_c24 cm.
504 _aIncludes bibliographical references and index.
650 0 _aPlant engineering
_xHandbooks, manuals, etc.
700 1 _aRosaler, Robert C.
856 4 2 _3Contributor biographical information
_uhttp://www.loc.gov/catdir/enhancements/fy0602/94012951-b.html
856 4 2 _3Publisher description
_uhttp://www.loc.gov/catdir/enhancements/fy0602/94012951-d.html
856 4 2 _3Table of contents only
_uhttp://www.loc.gov/catdir/enhancements/fy0602/94012951-t.html
942 _cBB
_k658.2R7887
999 _c4489
_d4489